And Then There Were None Character Match Quiz Stats

 Plays Quiz not verified by Sporcle

Also try: Novels A-Z
Challenge
Share
Tweet
Embed
Score 0/13 Timer 01:30
0 Plays Today
% Correct
???
54.9%
???
53.3%
???
53.3%
???
53.3%
???
52.7%
???
52.7%
???
51.1%
???
50.2%
???
47.6%
???
46.3%
???
45.7%
???
41.6%
???
40.6%

You're not logged in!

Compare scores with friends on all Sporcle quizzes.
Join for Free
OR
Log In

You Might Also Like...

Show Comments

Extras

Created Jun 4, 2015ReportNominate
Tags:Clickable Quiz, character, none

Top Quizzes Today


Score Distribution

Your Account Isn't Verified!

In order to create a playlist on Sporcle, you need to verify the email address you used during registration. Go to your Sporcle Settings to finish the process.

Report this User

Report this user for behavior that violates our Community Guidelines.

Details: